000 00321nam a2200133Ia 4500
008 240821s2022 xx 000 0 und d
020 _a9781644391017
041 _aeng
082 _a612
100 _aHarry Lee.
245 _aMedical Physiology A System Approach/
260 _bMedicare
_c2022
650 _aPhysiology
999 _c1181342
_d1181342